| 000 | 00870nam a2200253 a 4500 | ||
|---|---|---|---|
| 001 | BRCA_1894 | ||
| 005 | 20190320203607.0 | ||
| 008 | 920117s1986 mx-a---##b---f001-0#spa-# | ||
| 020 | _a9682905907 | ||
| 040 |
_aDLC _cDLC |
||
| 050 | 4 |
_aZ738 _b.O86 1986 |
|
| 100 | 1 |
_aOsorio Romero, Ignacio _95848 |
|
| 245 | 1 | 0 |
_aHistoria de las bibliotecas novohispanas _cIgnacio Osorio Romero. |
| 260 |
_aMéxico _bSEP, Dirección General de Bibliotecas _c1986 |
||
| 300 |
_a282 p. _bil. _c23 cm. |
||
| 440 | 0 |
_aHistoria de las bibliotecas en México _v1 _95849 |
|
| 500 | _aTítulo de la cubierta : Las bibliotecas novohispanas | ||
| 500 | _aIncluye índice onomástico | ||
| 504 | _aBibliografía : p. 261-274 | ||
| 650 | 1 | 4 |
_aBibliotecas _xHistoria _zNueva España _95850 |
| 650 | 1 | 4 |
_aBibliotecas _xHistoria _zMéxico _95414 |
| 740 | 0 | _aBibliotecas novohispanas | |
| 942 |
_2lcc _cB |
||
| 999 |
_c1669 _d1669 |
||